000 01180nam a2200217 u 4500
001 000635770
003 AM-YeHGA
005 20250617140625.0
008 090224s1987 ||||||||r|||||000|0|rus|d
040 _aAM-YeHGA
041 0 _arus
245 0 0 _aВыделение и анализ природных биологически активных веществ /
_cПод ред. Е.Е. Сироткиной; Томский медицинский институт; Институт фармакологии Томского научного центра АМН СССР.
260 _aТомск :
_bИзд-во Томского университета,
_c1987.
300 _a184 с. :
_bил. ;
_c21 см.
504 _aСписок лит. в конце ст.
650 1 4 _aФизиологически активные вещества
_xБиосинтез
_xВыделение и очистка
_xАнализ
700 1 _aСироткина, Е.Е.
_eред.
_4edt
710 2 _aТомский медицинский институт Институт фармакологии
710 2 _aТомского научного центра АМН СССР
090 _c224882
999 _c223347
_d223347